Frank de Boer's Ajax - Statistics

General Stats
  • This quiz has been taken 9 times
  • The average score is 34 of 77
Answer Stats
Rank Player Position Nationality Matches Goals Assists % Correct
3 Siem de Jong Attacking Midfield 139 54 34
100%
17 Arkadiusz Milik Centre-Forward 76 47 22
86%
20 Jan Vertonghen Centre-Back 67 13 3
86%
4 Jasper Cillessen Goalkeeper 137 0 1
86%
2 Lasse Schöne Defensive Midfield 156 37 35
86%
10 Toby Alderweireld Centre-Back 113 11 8
86%
8 Christian Eriksen Central Midfield 121 29 59
71%
5 Daley Blind Centre-Back 136 3 8
71%
39 Amin Younes Left Winger 35 8 9
57%
6 Davy Klaassen Central Midfield 131 35 26
57%
57 Donny van de Beek Central Midfield 10 1 0
57%
27 Gregory van der Wiel Right-Back 54 4 9
57%
7 Joël Veltman Right-Back 122 8 10
57%
13 Kolbeinn Sigthórsson Centre-Forward 106 35 8
57%
49 Lesly de Sa Right Winger 20 2 2
57%
53 Maarten Stekelenburg Goalkeeper 15 0 0
57%
26 Nick Viergever Centre-Back 58 3 3
57%
18 Nicolai Boilesen Centre-Back 73 1 5
57%
9 Thulani Serero Defensive Midfield 121 10 7
57%
60 Vaclav Cerny Right Winger 9 2 1
57%
52 André Ooijer Centre-Back 18 2 1
43%
15 Anwar El Ghazi Right Winger 80 21 12
43%
41 Aras Özbiliz Right Winger 35 3 4
43%
42 Bojan Krkic Second Striker 32 5 6
43%
16 Christian Poulsen Defensive Midfield 80 1 4
43%
34 Danny Hoesen Centre-Forward 44 13 6
43%
44 Dmitriy Bulykin Centre-Forward 26 10 3
43%
25 Eyong Enoh Defensive Midfield 60 0 0
43%
64 Isaac Cuenca Left Winger 5 0 1
43%
23 Jaïro Riedewald Defensive Midfield 65 2 1
43%
65 Jeroen Verhoeven Goalkeeper 5 0 0
43%
40 Jody Lukoki Right Winger 35 5 3
43%
12 Kenneth Vermeer Goalkeeper 106 0 1
43%
29 Lorenzo Ebecilio Attacking Midfield 52 11 6
43%
28 Lucas Andersen Attacking Midfield 54 5 3
43%
73 Luis Suárez Centre-Forward 1 0 1
43%
30 Mike van der Hoorn Centre-Back 49 4 1
43%
21 Miralem Sulejmani Left Midfield 66 23 12
43%
31 Mitchell Dijks Left-Back 48 0 9
43%
54 Mounir El Hamdaoui Centre-Forward 13 4 2
43%
33 Nemanja Gudelj Defensive Midfield 46 5 8
43%
50 Nicolás Lodeiro Attacking Midfield 19 3 6
43%
14 Niklas Moisander Centre-Back 105 7 6
43%
32 Ricardo Kishna Left Winger 48 7 13
43%
1 Ricardo van Rhijn Right-Back 163 6 13
43%
46 Ryan Babel Left Winger 22 5 7
43%
36 Stefano Denswil Centre-Back 39 3 2
43%
35 Theo Janssen Central Midfield 41 9 11
43%
45 Tobias Sana Left Winger 23 5 3
43%
11 Viktor Fischer Left Winger 111 33 18
43%
19 Vurnon Anita Defensive Midfield 69 4 3
43%
63 Yaya Sanogo Centre-Forward 6 0 0
43%
37 Daley Sinkgraven Left-Back 38 0 6
29%
61 Darío Cvitanich Centre-Forward 8 0 2
29%
47 Demy de Zeeuw Central Midfield 21 4 3
29%
22 Derk Boerrigter Left Winger 66 16 9
29%
56 Dico Koppers Left-Back 11 0 0
29%
62 Diederik Boer Goalkeeper 7 0 0
29%
67 Fabian Sporkslede Defensive Midfield 4 0 0
29%
74 Geoffrey Castillion Centre-Forward 1 0 0
29%
76 Ilan Boccara Defensive Midfield 1 0 0
29%
51 Ismail Aissati Attacking Midfield 18 2 5
29%
69 Johnny Heitinga Centre-Back 3 1 0
29%
38 Kenny Tete Right-Back 36 0 1
29%
43 Lerin Duarte Central Midfield 28 4 0
29%
71 Mickey van der Hart Goalkeeper 1 0 0
29%
55 Niki Zimling Defensive Midfield 12 0 0
29%
72 Oleguer Centre-Back 1 1 0
29%
59 Richairo Zivkovic Left Winger 10 2 1
29%
24 Riechedly Bazoer Centre-Back 61 7 5
29%
70 Robert Muric Right Winger 2 0 1
29%
75 Teemu Tainio Defensive Midfield 1 0 0
29%
68 Urby Emanuelson Central Midfield 3 0 0
29%
66 Queensy Menig Left Winger 5 1 1
14%
58 Rasmus Lindgren Centre-Back 10 0 0
14%
48 Ruben Ligeon Right-Back 21 0 2
14%
77 Sam Hendriks Centre-Forward 1 0 1
14%
No matching quizzes found
Score Distribution
Percent of People with Each Score
Percentile by Number Answered
Your Score History
You have not taken this quiz